000 01018nam a2200301 i 4500
003 DO-SdBNP
005 20250722082350.0
007 ta
008 250722b2009 dr ||||| |||| 00| 0 spa d
040 _aDO-SdBNP
_bspa
_cBNPHU
_erda
041 _aspa
082 4 _axxx
_bR426L
_222
110 1 _aRepública Dominicana.
_9447
240 1 2 _a[Leyes, etc.]
245 1 0 _aLey No. 479-08 :
_bley general de las sociedades comerciales y empresas individuales de responsabilidad limitada
264 1 _aSanto Domingo :
_bSuperintendencia de valores,
_c2009.
300 _a273 paginas ;
_c22 cm.
336 _atexto
_btxt
_2rdacontent
337 _asin mediación
_bn
_2rdamedia
338 _avolumen
_bnc
_2rdacarrier
590 _aInventariado, 2025/BT
650 4 _aDerecho comercial
_zRepública Dominicana
_914449
650 4 _aSociedades comerciales
_xLegislación
_95941
650 4 _aCompañías
_xLegislación
_930887
651 4 _aRepública Dominicana
_xLey 479-08
_910079
910 _aBtavárez
942 _2ddc
_cLBS1
999 _c59598
_d59598